000 00617ntm a22002537a 4500
005 20250613112916.0
008 190322b1999 xxu||||| |||| 00| 0 spa d
020 _a9788480886789
041 _aESP
082 _a355.4 M621a2
100 _aMichaelson, Gerald A.
_952922
245 _aEl arte de la guerra para directivos
250 _a2 edición
260 _aEspaña
260 _bGestión 2000
260 _c1999
300 _a177 páginas
490 _aTemática General
650 _aGUERRA
650 _aCIENCIA MILITAR
650 _aTÁCTICA MILITAR
650 _aHISTORIA
942 _cLIT
_2ddc
999 _c11776
_d11776